Una Història de la Marina de Sants : vides paral·leles / Jordi Ortega Robert vides paral·leles / Jordi Ortega Robert
ISBN:
978-84-9850-021-9
Publicado:
Barcelona :
Ajuntament de Barcelona : Consell Municipal del Districte de Sants - Montjuïc ,
2007
Descripción Física:
253 p. : fot. ; 26 cm
Colección:
Memòria de Barcelona
MARC
| LEADER | 00000nam a2200000Ia 4500 | ||
|---|---|---|---|
| 001 | 19857 | ||
| 003 | BGR | ||
| 005 | 20260324180018.0 | ||
| 008 | 160829s2007 xx 000 0 cat d | ||
| 020 | |a 978-84-9850-021-9 | ||
| 080 | |a H-3-45 | ||
| 100 | |a Ortega Robert, Jordi |9 43832 | ||
| 245 | |a Una Història de la Marina de Sants : |b vides paral·leles / Jordi Ortega Robert | ||
| 260 | |a Barcelona : |b Ajuntament de Barcelona : |b Consell Municipal del Districte de Sants - Montjuïc, |c 2007 | ||
| 300 | |a 253 p. : |b fot. ; |c 26 cm | ||
| 490 | |a Memòria de Barcelona | ||
| 590 | |a Bibliografia. | ||
| 590 | |a S'ha utilitzat el fons de l'Arxiu General de la Diputació de Barcelona | ||
| 650 | |a Barris |x Barcelona |x Història |x S. XX |9 38294 | ||
| 650 | |a Marina de Sants (Barri) |x Història |x S. XX |9 43833 | ||
| 710 | 1 | |a Barcelona (Catalunya). |b Ajuntament |9 50981 | |
| 710 | 1 | |a Barcelona (Catalunya). |b Ajuntament |9 50981 | |
| 901 | |a Arxiu | ||
| 942 | |n 1 |2 udc |c MON | ||
| 952 | |0 0 |1 0 |4 0 |6 H345 |7 1 |9 51633 |a Arxiu |b Arxiu |d 2016-12-01 |l 0 |o H-3-45 |p 19857 |r 2016-12-01 00:00:00 |w 2016-12-01 |y ARXIU | ||
| 999 | |c 55478 |d 55478 | ||